000 00883nam a22002417a 4500
005 20100730152317.0
010 _aENG-97175
020 _a9788172112783
_c190.00
020 _a8172112785
_c190.00
035 _aEN-80708
037 _bDBAD/PUB
082 _a628.44
100 _aSurendra Kumar
_93264
245 _aSolid waste management /
_cby Surendra Kumar
260 _aNew Delhi
_bNorthern Book Centre
_c(200?)
270 _a4221/1, Ansari Road, Daryaganj
_bNew Delhi
_e110002
300 _ax, 57p.
_c22cm (Hb)
500 _aIncludes bibliography and index
650 _aRefuse and refuse disposal
_zDelhi, India
_93265
650 _aFactor and Trade Waste
_zDelhi, India
_93266
942 _2ddc
_cEN
_h628.44
_mSUR
999 _c38300
_d38300